Экологическое право России: словарь юридичесих терминов; учебное пособие для вузов

Бібліографічні деталі
Автор: Голиченков А. К. Александр Константинович
Резюме:Заглавие с титульного экрана
Электронная версия печатной публикации
Режим доступа: из корпоративной сети ТПУ
Мова:Російська
Опубліковано: Москва, Издательский дом "Городец", 2008
Предмети:
Онлайн доступ:http://www.lib.tpu.ru/fulltext2/m/2009/consultant/golichenkov1.pdf
Формат: Електронний ресурс Книга
KOHA link:https://koha.lib.tpu.ru/cgi-bin/koha/opac-detail.pl?biblionumber=159182

MARC

LEADER 00000nlm0a2200000 4500
001 159182
005 20231101222106.0
035 |a (RuTPU)RU\TPU\book\172640 
090 |a 159182 
100 |a 20090506d2008 m y0rusy50 ca 
101 0 |a rus 
102 |a RU 
105 |a y ej 001zy 
135 |a vrcn ---uucaa 
181 0 |a i  
182 0 |a b 
200 1 |a Экологическое право России  |b Электронный ресурс  |e словарь юридичесих терминов  |e учебное пособие для вузов  |f А. К. Голиченков 
203 |a Текст  |c электронный 
210 |a Москва  |c Издательский дом "Городец"  |d 2008 
230 |a 1 компьютерный файл (pdf; 1765 KB) 
300 |a Заглавие с титульного экрана 
300 |a Электронная версия печатной публикации 
333 |a Режим доступа: из корпоративной сети ТПУ 
337 |a Adobe Reader 
606 1 |a Экологическое право  |2 stltpush  |3 (RuTPU)RU\TPU\subj\26534  |9 50439 
610 1 |a экологическое право 
610 1 |a словари 
610 1 |a юридические термины 
610 1 |a учебные пособия 
610 1 |a электронный ресурс 
686 |a Х625я73  |v LBC/SL-A  |2 rubbk 
700 1 |a Голиченков  |b А. К.  |g Александр Константинович 
801 1 |a RU  |b 63413507  |c 20090506  |g PSBO 
801 2 |a RU  |b 63413507  |c 20090525  |g PSBO 
856 4 |u http://www.lib.tpu.ru/fulltext2/m/2009/consultant/golichenkov1.pdf 
942 |c CF